000 00305 a2200109 4500
001 ART_48474
005 20260410161631.0
008 260409a
245 1 0 _aEfectos fiscales del ajuste por inflación
100 1 _aZgaib, Alfredo O.
773 0 _tEnfoques
_g- N°1 (ene. 2019)
_wREV416
999 _c12436
_d12436